| LEADER |
01204nam0a2200229 450 |
| 001 |
16834174 |
| 010 |
|
|
|a 978-2-302-03628-4
|b rel.
|d 10,95
|
| 100 |
|
|
|a 20140729d2026 u u0frey01 ba
|
| 101 |
0 |
|
|a fre
|
| 102 |
|
|
|a FR
|
| 200 |
0 |
|
|a Bas les masques !
|f scénario, Audrey Alwett
|g dessin, Nora Moretti - couleurs, Marina Duclos... - dessin, Nora Moretti - couleurs, Marina Duclos...
|
| 207 |
|
1 |
|a
|
| 210 |
|
|
|a Toulon
|c Soleil
|d DL 2013
|
| 215 |
|
|
|a 1 vol. (46 p.)
|c ill. en coul., couv. ill. en coul.
|d 33 cm
|
| 225 |
1 |
|
|a Princesse Sara
|v 6
|
| 330 |
|
|
|a Sara Crewe continue de travailler à l'usine Delatour sous l'identité d'Emilie Saint-John. Elle imagine des automates merveilleux pour tenter d'attirer l'attention du propriétaire et le convaincre de lui revendre la fabrique, en vain. Par contre, le petit-fils de ce dernier, Léopold, tombe sous son charme, sous l'oeil courroucé de James, l'ami d'enfance de Sara.
|
| 461 |
|
0 |
|t Princesse Sara
|v 6
|
| 700 |
|
0 |
|a Alwett
|b Audrey
|f 1982-....
|4 70
|
| 702 |
|
0 |
|a Moretti
|b Nora
|f 1980-....
|4 440
|
| 900 |
|
|
|a Bande Dessinée (enfants)
|
| 901 |
|
|
|a Jeunesse
|
| 995 |
|
|
|a Médiathèque
|c Médiathèque
|f 089013305
|h 089013305
|k BD PRI T.6
|o p
|q j
|r az
|e Médiathèque
|